书目信息 |
| 题名: |
闻香识女人
|
|
| 作者: | 阿尔皮诺 著 ;伊宁 译 | |
| 分册: | ||
| 出版信息: | 桂林 漓江出版社 2006.08 |
|
| 页数: | 202页 | |
| 开本: | 21cm | |
| 丛书名: | ||
| 单 册: | ||
| 中图分类: | I546.45 | |
| 科图分类: | ||
| 主题词: | 长篇小说--chang pian xiao shuo--意大利--现代 | |
| 电子资源: | ||
| ISBN: | 7-5407-3533-3 | |
| 000 | 00986nam0 2200253 450 | |
| 001 | 012007345560 | |
| 005 | 20071205101206.32 | |
| 010 | @a7-5407-3533-3@b精装@dCNY25.00 | |
| 100 | @a20071204d2006 km y0chi0120 ea | |
| 101 | 1 | @achi@cita |
| 102 | @aCN@b450000 | |
| 105 | @ay z 000ay | |
| 106 | @ar | |
| 200 | 1 | @a闻香识女人@Awen xiang shi nu ren@d= Il buio e il miele@f(意) 乔瓦尼·阿尔皮诺著@F(yi)qiao wa ni·a er pi nuo zhu@g伊宁译@Gyi ning yi@zita |
| 210 | @a桂林@c漓江出版社@d2006.08 | |
| 215 | @a202页@d21cm | |
| 330 | @a双目失明的退役中校斯莱德有意告别这个黑暗的世界,于感恩节前雇贵族学校的学生查利担任导游,再“看看”这个他曾亨受其间的花花世界。在他们相处过程中有争执也有体谅。 | |
| 500 | 10 | @aIl buio e il miele@mChinese |
| 606 | 0 | @a长篇小说@Achang pian xiao shuo@y意大利@z现代 |
| 690 | @aI546.45@v4 | |
| 701 | 1 | @a阿尔皮诺@Aa er pi nuo@g(Arpino, Giovanni)@4著 |
| 702 | 0 | @a伊宁@Ayi ning@4译 |
| 801 | 0 | @aCN@bQSSK@c20071205 |
| 905 | @b270793-95@dI546.45@eA054@f3 | |
| 闻香识女人= Il buio e il miele/(意) 乔瓦尼·阿尔皮诺著/伊宁译.-桂林:漓江出版社,2006.08 |
| 202页;21cm |
| ISBN 7-5407-3533-3(精装):CNY25.00 |
| 双目失明的退役中校斯莱德有意告别这个黑暗的世界,于感恩节前雇贵族学校的学生查利担任导游,再“看看”这个他曾亨受其间的花花世界。在他们相处过程中有争执也有体谅。 |
| ● |
| 相关链接 |
|
|
|
正题名:闻香识女人
索取号:I546.45/A054
 
预约/预借
| 序号 | 登录号 | 条形码 | 馆藏地/架位号 | 状态 | 备注 |
| 1 | 270793 | 202707936 | 社科二线400B/400B社科库 12排3列3层/ [索取号:I546.45/A054] | 在馆 | |
| 2 | 270794 | 202707945 | 社科二线400B/400B社科库 12排3列4层/ [索取号:I546.45/A054] | 在馆 | |
| 3 | 270795 | 202707954 | 社科二线400B/400B社科库 13排2列1层/ [索取号:I546.45/A054] | 在馆 |